00515nam a22001937a 450000500170000001000150001702000260003203500130005803500170007103500130008803700130010103700170011408200110013110000190014224500630016126000340022427000420025830000210030020180316115141.0 aENG-105623 c250.00a9788184301618 aEN-89156 aB-528636-642 aB-667796 bDBAD/PUB bOcean Books  a181.46 aSaraf, Nandini aThe Life & Times of Swami Vivekananda /cby Nandini Saraf aNew DelhibOcean Books c2012 a4/19 Asaf Ali RoadbNew Delhie110002 a152p. c22cm(Hb)